Analýza rodinných účtov na Slovensku diplomová práca

Guardado en:
Detalles Bibliográficos
Autor principal: Holečková, Martina
Autor Corporativo: Fakulta hospodárskej informatiky EU. Katedra štatistiky
Otros Autores: Vojtková, Mária, 1966-
Formato: Libro
Lenguaje:eslovaco
Publicado: Bratislava 2011
Etiquetas: Agregar Etiqueta
Sin Etiquetas, Sea el primero en etiquetar este registro!

MARC

LEADER 00000nbm a2200000 4500
001 0140927
005 20161109102000.3
041 0 |a slo 
044 |a SK 
245 1 0 |a Analýza rodinných účtov na Slovensku  |b diplomová práca  |c Martina Holečková ; školiteľ: Mária Vojtková 
264 1 |a Bratislava  |c 2011 
300 |a 58 s. 
100 1 |a Holečková, Martina 
700 1 |a Vojtková, Mária, 1966- 
710 2 |a Fakulta hospodárskej informatiky EU. Katedra štatistiky